00345nam a2200133Ia 4500008004100000041000800041082001700049100002100066245003300087250001400120260003800134300003000172365000900202240624s9999 xx 000 0 und d aeng a658.4038 RAG aRAGSDALE CLIFF T aMANAGERIAL DECISION MODELING a(6th ed.) c2011aAustraliabCengage Learning axx, : 790 : p. : cm. ; 26 cb30